[Event "HCL-C4028"]
[Site "www.playchess.de"]
[Date "2006.02.18"]
[Round "3"]
[White "cg"]
[Black "ronan48"]
[WhiteElo "800"]
[BlackElo "920"]
[PlyCount "85"]
[Result "1-0"]

1.e4 e5 2.Nf3 Nc6 3.d3 d6 4.Nc3 Nf6 5.Nd5 Nxd5 
6.exd5 Nb4 7.c4 a5 8.a3 Na6 9.Qa4+ Bd7 10.Qxa5 b6 
11.Qd2 Nc5 12.Qc2 g6 13.b4 Na4 14.Bg5 f6 15.Bd2 
Bg4 16.h3 Bxf3 17.gxf3 Qd7 18.f4 exf4 19.Bxf4 g5 
20.Bc1 Bg7 21.Qe2+ Kd8 22.Qd2 Re8+ 23.Be2 Bh6 
24.Qc2 f5 25.Kf1 Qe7 26.h4 gxh4 {I understand now, 
but sorry not now. here it is 01u35 in the night. 
have to go to bed.}  27.Bxh6 Qf6 28.Qc1 Nc3 29.Bg5 
Nxe2 30.Bxf6+ Kc8 31.Qe1 Kb7 32.Rxh4 Nd4 33.Qd1 
Ref8 34.Bxd4 c5 35.bxc5 bxc5 36.Rxh7+ Ka6 37.Qh5 
cxd4 38.Rf7 Rfh8 39.Qg6 Rh1+ 40.Kg2 Rxa1 41.Qxd6+ 
Ka5 42.Qc5+ Ka6 43.Qb5+ 1-0

[Event "HCL-B3847"]
[Site "www.playchess.de"]
[Date "2006.02.18"]
[Round "9"]
[White "Russ"]
[Black "ChessMonster"]
[WhiteElo "1200"]
[BlackElo "1500"]
[PlyCount "39"]
[Result "1-0"]

1.e4 {hallo}  Nf6 {&#1061;&#1086;&#1088;&#1086;&#1096;&#1080;&#1081; 
&#1074;&#1089;&#1090;&#1088;&#1077;&#1095;&#1072;&#1090;&#1100;(&#1074;&#1099;&#1087;&#1086;&#1083;&#1085;&#1103;&#1090;&#1100;) 
&#1042;&#1072;&#1089;, &#1053;&#1072;&#1076;&#1077;&#1078;&#1076;&#1072; 
&#1}  2.e5 Nd5 3.Qf3 e6 4.Nh3 h6 { 
&#1056;&#1099;&#1094;&#1072;&#1088;&#1080; 
&#1085;&#1072; &#1086;&#1087;&#1088;&#1072;&#1074;&#1077; 
&#1084;&#1088;&#1072;&#1095;&#1085;&#1099;. 
&#1071; &#1085;&#1077; &#1074;&#1077;&#1088;&#1102; 
&#1101;&#1090;&#1086;&#1084;&#1091;, LOL. 
&#1042;&#1099;}  5.d4 Nc6 6.c3 f6 7.Bc4 Nb6 8.exf6 
Nxc4 9.f7+ Ke7 10.O-O d5 11.b3 N4e5 12.dxe5 Nxe5 
13.Qh5 Qd6 14.Bf4 g6 15.Qe2 Kxf7 16.Bxe5 Qb6 
17.Bxh8 e5 18.Qxe5 Bd6 19.Qg7+ Ke8 
20.Re1+ 1-0

[Event "HCL-B3856"]
[Site "www.playchess.de"]
[Date "2006.02.18"]
[Round "12"]
[White "Snillie"]
[Black "jpv"]
[WhiteElo "1488"]
[BlackElo "1232"]
[PlyCount "77"]
[Result "1-0"]

1.c4 Nf6 2.g3 d6 3.Bg2 g6 4.Nc3 Bg7 5.d3 O-O 6.Bg5 
Nbd7 7.b4 c5 8.b5 a6 9.a4 Ne5 10.Qd2 Be6 11.Nf3 
Nxf3+ 12.Bxf3 Qc7 13.O-O Rad8 14.Rfb1 d5 15.Bxf6 
Bxf6 16.cxd5 Bxc3 17.Qxc3 Bxd5 18.Bxd5 Rxd5 
19.bxa6 bxa6 20.Ra2 Rb8 21.Rab2 Rdd8 22.R2xb8 Rxb8 
23.Rxb8+ Qxb8 24.Qxc5 Qd6 25.Qxd6 exd6 26.e4 Kf8 
27.f4 Ke7 28.Kf2 Ke6 29.Ke3 d5 30.Kd4 dxe4 31.dxe4 
Kd6 32.g4 h6 33.e5+ Kc6 34.f5 g5 35.Kc4 a5 36.h3 
Kb6 37.Kd5 Kc7 38.e6 fxe6+ 39.Kxe6 1-0

[Event "HCL-E1543"]
[Site "www.playchess.de"]
[Date "2006.02.18"]
[Round "4"]
[White "alldrix"]
[Black "Skipper"]
[WhiteElo "1586"]
[BlackElo "1504"]
[PlyCount "62"]
[Result "0-1"]

1.e4 {hi!!! greetings from Aracaju}  d5 2.exd5 Nf6 
{Hello fm India}  3.Nc3 Nxd5 4.Nf3 Nxc3 5.bxc3 e6 
6.Be2 Nd7 7.O-O Bd6 8.Re1 O-O 9.d4 b6 10.c4 c5 
{You r up so early!}  11.c3 {lol, i dont like to 
sleep :D}  Bb7 {early to bed,early to rise?}  
12.a4 {no, usualluy i go to at 2:30 am and rise 
6:00am}  Qc7 {Fantastic! I go to bed between 2.30 
am - 3.30 am but get out of bed rather late. How 
do u manage with so little sleep!I'm retired from 
work now.}  13.h3 {well.. many years going to bed 
later.. i dont need much time to sleep anymore}  
Rac8 14.Nd2 Nf6 15.Bb2 Rfe8 16.Bf3 Ba6 17.Be2 Bh2+ 
18.Kh1 Bf4 19.Nf3 cxd4 20.cxd4 Bxc4 21.Bxc4 Qxc4 
22.g3 Bb8 23.Ne5 Bxe5 24.dxe5 Nd5 25.Rc1 Qb4 
26.Rb1 Rc4 27.Ba1 Qxa4 28.Qxa4 Rxa4 29.Rec1 Kf8 
30.Bc3 Rc4 31.Bd2 Rec8 0-1

[Event "HCL-C4143"]
[Site "www.playchess.de"]
[Date "2006.02.18"]
[Round "10"]
[White "djpnola"]
[Black "nichju"]
[WhiteElo "1109"]
[BlackElo "1080"]
[PlyCount "139"]
[Result "1-0"]

1.f4 {hello again.
}  e6 {Hello and good luck to you}  2.e4 d5 3.e5 
d4 4.Bc4 Nc6 5.d3 b6 6.Bb5 Bd7 7.Nf3 Bc5 8.Na3 f6 
9.Bxc6 Bxc6 10.O-O fxe5 11.Nxe5 Ne7 12.Qh5+ g6 
13.Qg5 Qd5 14.Nxc6 Qxg5 15.fxg5 Nxc6 16.Rf6 Ke7 
17.Bf4 h6 18.Rxg6 Bd6 19.Bxd6+ Kxd6 20.gxh6 Ne7 
21.Nc4+ Kd5 22.Re1 Nxg6 23.Re4 Rxh6 24.Nd2 Rah8 
25.c4+ Kd6 26.Rxd4+ Kc5 27.Nb3+ Kc6 28.h3 Re8 
29.Rg4 Ne5 30.Nd4+ Kb7 31.Rg3 Ng6 32.b4 Nf4 33.a4 
Ne2+ 34.Nxe2 e5 35.a5 bxa5 36.bxa5 e4 37.dxe4 Rxe4 
38.Rb3+ Kc8 39.Ng3 Rxc4 40.Nf5 Rhc6 41.Ne7+ Kd7 
42.Nxc6 Kxc6 43.g4 Rc1+ 44.Kf2 Rc2+ 45.Ke3 Rh2 
46.Kf4 Kc5 47.g5 Kc4 48.Rg3 Rf2+ 49.Rf3 Rg2 50.Rg3 
Rf2+ {(offering draw)}  51.Kg4 {Nope. It'll take a 
while, but I think it's winnable. I'm just not 
sure yet by whom.}  c5 52.g6 Rd2 53.g7 Rd8 54.Kf5 
Rg8 55.Kf6 Rd8 56.g8Q+ Rxg8 57.Rxg8 Kb4 58.h4 c4 
59.Ke5 c3 60.Kd4 Kb3 61.Rc8 c2 62.Kd3 Kb2 63.Rxc2+ 
Kb3 64.h5 a6 65.h6 Ka3 66.h7 Kb3 67.h8Q Kb4 
68.Qb8+ Ka3 69.Kc4 Ka4 70.Ra2+ {Thanks for the 
game.}  1-0

[Event "HCL-M874"]
[Site "www.playchess.de"]
[Date "2006.02.19"]
[Round "2"]
[White "kikoursus"]
[Black "ragno"]
[WhiteElo "2120"]
[BlackElo "2314"]
[PlyCount "100"]
[Result "0-1"]

1.e4 c5 {Hi, good look from Italy}  2.Nf3 {greets 
from Spain.}  d6 3.d4 cxd4 4.Nxd4 Nf6 5.Nc3 a6 
6.a4 Nc6 7.Be2 g6 8.O-O Bg7 9.Be3 O-O 10.f4 Rb8 
11.Nb3 Be6 12.a5 Bxb3 13.cxb3 Nxa5 14.e5 Ne8 15.e6 
fxe6 16.Bg4 Rf5 17.Bxf5 gxf5 18.Qe2 Nc6 19.b4 Qd7 
20.b5 Nd4 21.Bxd4 Bxd4+ 22.Kh1 Bxc3 23.bxc3 axb5 
24.Rfb1 Nf6 25.Rxb5 Nd5 26.Rba5 Nxf4 27.Qd2 Nd5 
28.c4 Nf6 29.Qg5+ Kf7 30.Qc1 Qc6 31.Qf1 Rg8 
32.R5a2 Rg4 33.Rc1 Ne4 34.Rb2 Qc5 35.Qe1 Rg6 36.h3 
Qe5 37.Rcb1 Qf4 38.Rc2 Rg3 39.Re2 Rc3 40.Kg1 Rxc4 
41.Re3 d5 42.Rb2 Qg5 43.Kh2 b5 44.Rf3 Qg7 45.Rfb3 
Nc5 46.R3xb5 Nd3 47.Qe2 Nxb2 48.Rxb2 Qg5 49.Rb3 
Re4 {the game is lost you don't think?}  50.Qf2 
{yes}  Qf4+ {As you want!}  0-1

[Event "HCL-C4076"]
[Site "www.playchess.de"]
[Date "2006.02.19"]
[Round "1"]
[White "JerryReneau"]
[Black "Nutz"]
[WhiteElo "1079"]
[BlackElo "1088"]
[PlyCount "74"]
[Result "0-1"]

1.d4 d5 2.e3 Bf5 3.c4 c6 4.c5 e5 5.Bd3 Bxd3 6.Qxd3 
e4 7.Qb3 b6 8.cxb6 Qxb6 9.Qxb6 axb6 10.Ne2 c5 
11.dxc5 Bxc5 12.O-O Nf6 13.a3 O-O 14.b4 Bd6 15.Nf4 
Ng4 16.Nc3 Be5 17.Bb2 d4 18.Ncd5 dxe3 19.Bxe5 
exf2+ 20.Kh1 Rd8 21.h3 Nxe5 22.Rxf2 Nd3 23.Nxd3 
Rxd5 24.Nf4 Rf5 25.g3 g5 26.g4 Rxf4 27.Rxf4 gxf4 
28.Re1 e3 29.Kg2 Rxa3 30.Kf3 e2+ 31.Kxe2 Rxh3 
32.Rf1 f3+ 33.Rxf3 Rxf3 34.Kxf3 Nc6 35.Ke4 Nxb4 
36.Kd4 f5 37.gxf5 h5 0-1

[Event "HCL-B3728"]
[Site "www.playchess.de"]
[Date "2006.02.19"]
[Round "7"]
[White "KAzUl_4"]
[Black "Mortalpawn"]
[WhiteElo "1201"]
[BlackElo "1262"]
[PlyCount "44"]
[Result "0-1"]

1.d4 d5 2.Nf3 Nc6 3.e3 Nf6 4.Bb5 a6 5.Bxc6+ bxc6 
6.O-O e6 7.Ne5 Bd7 8.Nc3 Bd6 9.b3 Bxe5 10.dxe5 Ne4 
11.Nxe4 dxe4 12.Qg4 O-O 13.Qxe4 Rb8 14.Ba3 Re8 
15.c4 Bc8 16.Rad1 Qg5 17.Rd4 Bb7 18.c5 f6 19.exf6 
Qxf6 20.Rd7 Re7 21.Rxe7 Qxe7 22.Qe5 
Rd8 0-1

[Event "HCL-B3799"]
[Site "www.playchess.de"]
[Date "2006.02.19"]
[Round "4"]
[White "ariel1978"]
[Black "gordi"]
[WhiteElo "1332"]
[BlackElo "1267"]
[PlyCount "98"]
[Result "0-1"]

1.e4 e5 2.Nf3 Nc6 3.Bb5 a6 4.Bxc6 dxc6 5.Nxe5 Qd4 
6.Ng4 Qxe4+ 7.Ne3 Nf6 8.Nc3 Qe6 9.d3 Bc5 10.h3 O-O 
11.Bd2 b5 12.O-O Bd4 13.Re1 Qd7 14.Qf3 b4 15.Ne2 
Bxb2 16.Rab1 Bc3 17.Bxc3 bxc3 18.Nxc3 Ra7 19.Na4 
Qd6 20.Nc4 Qd5 21.Qe3 Rb7 22.Nc3 Qd7 23.Ne5 Qd6 
24.Qg5 h6 25.Qh4 Re8 26.Rxb7 Bxb7 27.f4 Qd4+ 
28.Kh1 Qxc3 29.Qf2 Nd5 30.Rb1 Ba8 31.Rb3 Qa1+ 
32.Kh2 Qxa2 33.Qc5 Qa4 34.d4 Nxf4 35.Rb4 Qa1 
36.Nxc6 Bxc6 37.Qxc6 Re2 38.Kg3 Qa3+ 39.c3 Qc1 
40.Qd7 Rxg2+ 41.Kf3 Qxc3+ 42.Kxf4 Qxb4 43.Qe8+ Kh7 
44.Qe4+ g6 45.Qxg2 Qxd4+ 46.Kg3 Qe5+ 47.Kf3 Qd5+ 
48.Kf2 Qxg2+ 49.Kxg2 a5 0-1

[Event "HCL-E1536"]
[Site "www.playchess.de"]
[Date "2006.02.19"]
[Round "19"]
[White "ippuli"]
[Black "PLAYCHESS1963"]
[WhiteElo "1614"]
[BlackElo "1692"]
[PlyCount "61"]
[Result "1-0"]

1.e4 {Hi! Good luck}  c5 2.d4 {Here we come...}  
cxd4 3.c3 {And here..}  d3 4.Bxd3 d6 5.Nf3 a6 
6.O-O e6 7.e5 d5 8.Ng5 Be7 9.f4 Bxg5 10.fxg5 Nc6 
11.Qe2 Nge7 12.Nd2 O-O 13.Rf3 Ng6 14.Bxg6 fxg6 
15.Rxf8+ Qxf8 16.Nf3 b5 17.a4 b4 18.cxb4 Nxb4 
19.b3 Bb7 20.Ba3 Rc8 21.Rf1 Qc5+ 22.Kh1 a5 23.Rc1 
Qb6 24.Rxc8+ Bxc8 25.Bxb4 Qxb4 26.Qb5 Qxb5 27.axb5 
Kf7 28.Nd4 Bb7 29.Kg1 Bc8 30.b6 Bb7 
31.Nb5 1-0

[Event "HCL-C4143"]
[Site "www.playchess.de"]
[Date "2006.02.19"]
[Round "4"]
[White "ivofle"]
[Black "djpnola"]
[WhiteElo "819"]
[BlackElo "1109"]
[PlyCount "42"]
[Result "0-1"]

1.e4 e5 {Hello
}  2.Bc4 {hello,good game for you}  Nf6 3.Nc3 Bb4 
4.Nb5 a6 5.Nxc7+ Qxc7 6.Ne2 Qxc4 7.O-O Qxe4 8.d3 
Qg4 9.c3 Bc5 10.Qe1 e4 11.dxe4 O-O 12.e5 Ne4 13.c4 
Nxf2 14.Rxf2 Bxf2+ 15.Qxf2 f6 16.Qc5 Qxe2 17.Bf4 
fxe5 18.Bxe5 Nc6 19.Qd5+ Kh8 20.Qd6 Qf2+ 21.Kh1 
Qf1+ 0-1

[Event "HCL-M869"]
[Site "www.playchess.de"]
[Date "2006.02.19"]
[Round "28"]
[White "ssv"]
[Black "DANTONIFAYARD"]
[WhiteElo "2241"]
[BlackElo "1693"]
[PlyCount "49"]
[Result "1-0"]

1.e4 {Hej!
Håber på en god games.
        MVH
         Steen Vestergaard.}  d6 {JE TE SOUHAITE 
UNE BONNE ANNÉE !!!}  2.d4 Nd7 3.Nf3 g6 4.Be2 Bg7 
5.O-O Ngf6 6.e5 dxe5 7.dxe5 Ne4 8.Qd4 Nec5 9.Bc4 
O-O 10.Rd1 Qe8 11.Nc3 c6 12.a4 b6 13.Re1 Bb7 
14.Qh4 e6 15.Bh6 Qd8 16.Ng5 Bh8 17.Bg7 h5 18.Bxf8 
Nxf8 19.Rad1 Qc7 20.Qf4 Qe7 21.Nce4 Nxe4 22.Nxe4 
Rd8 23.Nf6+ Bxf6 24.exf6 Qe8 25.Qh6 1-0

[Event "HCL-A2505"]
[Site "www.playchess.de"]
[Date "2006.02.19"]
[Round "18"]
[White "jjn2"]
[Black "saemi"]
[WhiteElo "1741"]
[BlackElo "1661"]
[PlyCount "53"]
[Result "1-0"]

1.d4 Nf6 {Hello from Iceland}  2.c4 {greetings 
from Denmark}  e6 3.Nc3 Be7 4.e4 d6 5.Nf3 Nbd7 
6.e5 dxe5 7.dxe5 Ng4 8.Qe2 f6 9.exf6 Ngxf6 10.Bf4 
O-O 11.O-O-O Bb4 12.Ng5 Qe7 13.Qxe6+ Kh8 14.Qxe7 
Bxe7 15.Ne6 Bd6 16.Bxd6 cxd6 17.Nxf8 Nxf8 18.Rxd6 
Bf5 19.Be2 N8d7 20.Rhd1 h6 21.g4 Nxg4 22.R6xd7 
Bxd7 23.Rxd7 Nxf2 24.Rxb7 a5 25.c5 Re8 26.c6 Kh7 
27.c7 1-0

[Event "HCL-M885"]
[Site "www.playchess.de"]
[Date "2006.02.19"]
[Round "1"]
[White "cinephos"]
[Black "temple"]
[WhiteElo "2072"]
[BlackElo "1731"]
[PlyCount "39"]
[Result "1-0"]

1.e4 e5 2.Nf3 Nf6 3.Nxe5 Qe7 4.d4 d6 5.Nf3 Qxe4+ 
6.Be2 Be7 7.O-O O-O 8.c4 Nc6 9.Nc3 Qf5 10.Bd3 Qd7 
11.Bg5 h6 12.Bh4 Qg4 13.h3 Qh5 14.Re1 Bd8 15.d5 
Ne5 16.Nxe5 Qxh4 17.Nf3 Qh5 18.Ne2 Bxh3 19.Nf4 Qg4 
20.Nxh3 1-0

[Event "HCL-E1536"]
[Site "www.playchess.de"]
[Date "2006.02.19"]
[Round "18"]
[White "PLAYCHESS1963"]
[Black "temple"]
[WhiteElo "1692"]
[BlackElo "1727"]
[PlyCount "57"]
[Result "1/2-1/2"]

1.d4 Nf6 {Happy New Year!}  2.Nf3 {To you too!}  
d5 3.c4 e6 4.Nc3 Be7 5.Bg5 Nbd7 6.e3 c6 7.cxd5 
cxd5 8.Bd3 h6 9.Bh4 b6 10.O-O O-O 11.Rc1 Bb7 
12.Nb5 a6 13.Nc7 Rc8 14.Nxa6 Bxa6 15.Bxa6 Ra8 
16.Qe2 Nb8 17.Bd3 Rxa2 18.Bb1 Ra8 19.Bg3 Bd6 
20.Ne5 Qe7 21.Qd3 Na6 22.Ng4 Ne4 23.Bxd6 Qxd6 
24.f3 Nb4 25.Qe2 Ng5 26.h4 Nh7 27.f4 f5 28.Ne5 Nf6 
29.g4 {(offering draw)}  1/2-1/2

[Event "HCL-B3833"]
[Site "www.playchess.de"]
[Date "2006.02.19"]
[Round "13"]
[White "djpnola"]
[Black "schachsky"]
[WhiteElo "1162"]
[BlackElo "1192"]
[PlyCount "50"]
[Result "0-1"]

1.f4 {Hello again, friend.
}  d5 {Same to you, have a nice game!}  2.h3 e6 
3.d4 c5 4.Nf3 Nf6 5.Nc3 Bd7 6.Ne5 Bd6 7.g3 cxd4 
8.Qxd4 Nc6 9.Nxc6 Bxc6 10.Bg2 O-O 11.Be3 b6 12.O-O 
Bc5 13.Qe5 Bxe3+ 14.Qxe3 d4 15.Qd3 Bxg2 16.Kxg2 
dxc3 17.Qxc3 Rc8 18.Qd3 Qc7 19.c3 Rfd8 20.Qa6 Rd2 
21.Rfe1 Qc6+ 22.Kg1 Ne4 23.Rad1 Qc5+ 24.e3 Rxd1 
25.Rxd1 Qxe3+ 0-1

[Event "HCL-E1545"]
[Site "www.playchess.de"]
[Date "2006.02.19"]
[Round "1"]
[White "ggaarrii"]
[Black "Eishockeytorwart"]
[WhiteElo "1736"]
[BlackElo "1949"]
[PlyCount "54"]
[Result "0-1"]

1.e4 {Hello from Umag !}  e5 {welcome from 
Mönchengladbach germany}  2.Nf3 Nc6 3.Bb5 a6 4.Ba4 
Nf6 5.O-O Be7 6.Re1 b5 7.Bb3 d6 8.c3 Bg4 9.h3 Bh5 
10.d3 O-O 11.Nbd2 Na5 12.Bc2 Nc6 13.Nf1 d5 14.Ng3 
Bg6 15.exd5 Qxd5 16.Nh4 Rad8 17.Nxg6 hxg6 18.h4 
Rd7 19.Bg5 Rfd8 20.Qe2 Kf8 21.Rad1 Qxa2 22.b3 Nd5 
23.Bxe7+ Ncxe7 24.Ne4 Nf4 25.Qd2 Nxd3 26.Rda1 Nxe1 
27.Qxd7 Nf3+ 0-1

[Event "HCL-A2530"]
[Site "www.playchess.de"]
[Date "2006.02.19"]
[Round "5"]
[White "janaj"]
[Black "Alves"]
[WhiteElo "1248"]
[BlackElo "1539"]
[PlyCount "67"]
[Result "1-0"]

1.c4 {Hello from Munich}  c5 2.g3 Nf6 3.Bg2 Qa5 
4.Nf3 e6 5.O-O d6 6.a3 Bd7 7.Nc3 Bc6 8.d3 h6 9.Bd2 
Qd8 10.e4 Nbd7 11.b4 Be7 12.b5 Bxe4 13.dxe4 e5 
14.Nd5 Nxe4 15.Be3 Ndf6 16.a4 O-O 17.a5 Ng5 
18.Nxg5 hxg5 19.Nxe7+ Qxe7 20.Bxg5 Rab8 21.Qf3 Qe6 
22.Bxf6 Qxf6 23.Qd5 Rfe8 24.Rad1 Red8 25.Rd2 Qe6 
26.Qxe6 fxe6 27.Rfd1 b6 28.R2xd6 Rxd6 29.Rxd6 bxa5 
30.Rxe6 Rb6 31.Rxe5 a4 32.Rxc5 a3 33.Rc8+ Kf7 
34.Rc7+ 1-0

[Event "HCL-A2576"]
[Site "www.playchess.de"]
[Date "2006.02.19"]
[Round "17"]
[White "victorabiodun03"]
[Black "RUDI"]
[WhiteElo "1357"]
[BlackElo "1249"]
[PlyCount "81"]
[Result "1-0"]

1.e4 e5 2.Nf3 Nc6 3.d4 Nxd4 4.Nxd4 exd4 5.Qxd4 d6 
6.Be2 Be6 7.Nc3 Nf6 8.Be3 Be7 9.O-O O-O 10.h3 c5 
11.Qd2 d5 12.exd5 Nxd5 13.Nxd5 Qxd5 14.Qxd5 Bxd5 
15.Rfd1 Be6 16.Bf3 Rab8 17.Bf4 Rbd8 18.Bxb7 Rxd1+ 
19.Rxd1 Rd8 20.Rxd8+ Bxd8 21.b3 a5 22.Kf1 g5 
23.Be3 Be7 24.Be4 f5 25.Bd3 f4 26.Bd2 Bd8 27.h4 h6 
28.hxg5 hxg5 29.Ke2 Kf7 30.a3 Ke7 31.g3 Bc7 
32.gxf4 gxf4 33.Kf3 Kd7 34.Bxf4 Bxf4 35.Kxf4 Kd6 
36.c4 Ke7 37.Ke5 Bg4 38.Bc2 Kf7 39.f4 Ke7 40.Kd5 
Kf6 41.Kxc5 1-0

[Event "HCL-C4152"]
[Site "www.playchess.de"]
[Date "2006.02.19"]
[Round "10"]
[White "gronico"]
[Black "Idris"]
[WhiteElo "1199"]
[BlackElo "844"]
[PlyCount "47"]
[Result "1-0"]

1.e4 e5 2.Bc4 Qe7 3.Nc3 Nf6 4.d3 g6 5.Bg5 Bg7 
6.Nd5 Qc5 7.Nxf6+ Bxf6 8.Bxf6 Rg8 9.Qf3 Nc6 
10.Bxf7+ Kxf7 11.Bxe5+ Ke8 12.O-O-O Nxe5 13.Qg3 d6 
14.f4 Nc6 15.Nf3 Bd7 16.Rde1 Ke7 17.e5 Raf8 
18.Qg5+ Ke8 19.exd6+ Kf7 20.Qxc5 Kg7 21.dxc7 Rfc8 
22.Re7+ Nxe7 23.Qxe7+ Kh8 24.Qxd7 1-0

[Event "ACL-T166"]
[Site "www.playchess.de"]
[Date "2006.02.19"]
[Round "16"]
[White "ETC_Chess"]
[Black "Rolly"]
[WhiteElo "1930"]
[BlackElo "2080"]
[PlyCount "57"]
[Result "1/2-1/2"]

1.g4 h5 {Hello.}  2.g5 e5 3.d4 exd4 4.Nf3 Bb4+ 
5.Nbd2 d5 6.Nxd4 {Merry Christmas and Happy New 
Year!}  Qxg5 {Merry Christmas and Happy New Year!} 
 7.c3 Bf8 8.N2f3 Qe7 9.Bg5 Nf6 10.Rg1 c6 11.e3 
Nbd7 12.Nf5 Qd8 13.Qd4 Rg8 14.Qf4 Qb6 15.O-O-O Ne4 
16.N3d4 Ndc5 17.Bh4 f6 18.Be2 g5 19.Bxh5+ Kd8 
20.Qf3 Rh8 21.Bg3 Bxf5 22.Qxf5 Rxh5 23.Qg6 Na4 
24.Nb3 Nxg3 25.Rxg3 Rxh2 26.Rf3 Qc7 27.Rxf6 Be7 
28.Qg8+ Kd7 29.Qe6+ {(offering draw)} 
 1/2-1/2

[Event "HCL-E1533"]
[Site "www.playchess.de"]
[Date "2006.02.19"]
[Round "11"]
[White "HOTSUN"]
[Black "temple"]
[WhiteElo "1626"]
[BlackElo "1727"]
[PlyCount "76"]
[Result "0-1"]

1.e4 {hi from london gl}  e5 {Hello from 
Calgary,Alberta,Canada}  2.Nf3 {we're having a 
very cold december it's been -4c hows the weather 
there?}  Nf6 {-3C high,-7C low.}  3.Nc3 {ok.we 
have bad winters but yours seem really horrible.}  
Nc6 {Today was +8C high!Happy New Year!}  4.d3 
{whats the coldest temp you have experieinced}  
Be7 {-35C at night(long time ago).}  5.h3 {wow}  
O-O 6.Be2 d5 7.exd5 Nxd5 8.Bd2 Be6 9.Nxd5 Bxd5 
10.Bc3 Bf6 11.O-O a6 12.Re1 Re8 13.Nd2 Nd4 14.Nf3 
c5 15.Nxd4 exd4 16.Bd2 Qb6 17.b3 Qc6 18.Bf3 Bxf3 
19.Qxf3 Qxf3 20.gxf3 Re6 21.Re4 Rae8 22.Rae1 b5 
23.a3 Kf8 24.Bf4 Ke7 25.Be5 Bxe5 26.R4xe5 Kd6 
27.R5xe6+ Rxe6 28.Rxe6+ Kxe6 29.Kg2 Kf5 30.Kg3 g5 
31.f4 gxf4+ 32.Kh4 f3 33.Kh5 f6 34.Kh6 a5 35.Kh5 
{(offering draw)}  a4 36.Kh6 b4 37.axb4 a3 38.bxc5 
{pxp would have been a draw silly mistake.i would 
have just moved kh5-h6. gg thanks}  a2 {Yes} 
 0-1

[Event "ACL-E216"]
[Site "www.playchess.de"]
[Date "2006.02.19"]
[Round "4"]
[White "ensenis"]
[Black "Southbourne_Chess"]
[WhiteElo "1557"]
[BlackElo "1913"]
[PlyCount "29"]
[Result "1-0"]

1.Nf3 {Hello, nice to meet with you. Good luck.}  
e6 {Hi, good luck to you.}  2.e4 {Hello. Good luck 
to you too.
}  c5 3.d3 d5 4.Nbd2 Nc6 5.g3 Nf6 6.Bg2 dxe4 
7.dxe4 e5 8.O-O Bd6 9.Nc4 Bc7 10.Qxd8+ Kxd8 11.Bg5 
h6 12.Bxf6+ gxf6 13.Nh4 Be6 14.Rfd1+ Ke7 
15.Ne3 1-0

[Event "ACL-M085"]
[Site "www.playchess.de"]
[Date "2006.02.19"]
[Round "3"]
[White "Southbourne_Chess"]
[Black "Lukos"]
[WhiteElo "1927"]
[BlackElo "2133"]
[PlyCount "52"]
[Result "0-1"]

1.c4 Nf6 {Hello.}  2.g3 {Hi there.}  c5 3.Bg2 d5 
4.cxd5 Nxd5 5.Nc3 Nc7 6.d3 e5 7.Be3 Ne6 8.Rc1 Be7 
9.Nf3 Nc6 10.O-O O-O 11.Na4 Qa5 12.Nd2 Ned4 13.Ne4 
Bg4 14.f3 Be6 15.Nexc5 Bxa2 16.f4 exf4 17.Bxf4 Qb5 
18.b4 Nxb4 19.e3 Ne6 20.Nxe6 Bxe6 21.Rc7 Rae8 
22.Rxb7 Qa6 23.d4 Nd5 24.Rb1 Nxf4 25.Rxf4 Bg5 
26.Nc5 Qc4 0-1

[Event "HCL-B3704"]
[Site "www.playchess.de"]
[Date "2006.02.19"]
[Round "6"]
[White "Bauernopfer"]
[Black "Jasper_Hattink"]
[WhiteElo "1299"]
[BlackElo "950"]
[PlyCount "69"]
[Result "1-0"]

1.c3 d5 2.d4 Bf5 3.Nf3 Nc6 4.Bf4 Qd7 5.e3 O-O-O 
6.Bd3 Nf6 7.Bxf5 Qxf5 8.O-O e6 9.Nbd2 Bd6 10.Bxd6 
Rxd6 11.h3 Qd3 12.Nb3 Qxd1 13.Rfxd1 Re8 14.Nc5 e5 
15.dxe5 Nxe5 16.Nxe5 Rxe5 17.Rd4 Nd7 18.Nxd7 Rxd7 
19.Rad1 c5 20.R4d3 f5 21.b3 a6 22.c4 d4 23.exd4 
cxd4 24.R3xd4 Rxd4 25.Rxd4 Re1+ 26.Kh2 Re2 27.Rf4 
Rxa2 28.Rxf5 Kc7 29.Rf7+ Kb6 30.Rxg7 Rxf2 31.Rxh7 
Rb2 32.Rh6+ Ka5 33.c5 Rxb3 34.Rb6 Rxb6 
35.cxb6 1-0

[Event "HCL-C4174"]
[Site "www.playchess.de"]
[Date "2006.02.19"]
[Round "6"]
[White "nichju"]
[Black "taffareltaskinovic"]
[WhiteElo "1049"]
[BlackElo "710"]
[PlyCount "37"]
[Result "1-0"]

1.e4 {Greetings from Germany and good luck to you} 
 e5 {thank you,good lucks to you too...}  2.Nf3 d6 
3.d4 f6 4.d5 g6 5.Bc4 Bg7 6.O-O b6 7.Be3 f5 8.Bg5 
Bf6 9.Bxf6 Nxf6 10.Nc3 fxe4 11.Ng5 c6 12.dxc6 Nxc6 
13.Nf7 Qd7 14.Nxh8 a6 15.Nd5 Nxd5 16.Bxd5 Bb7 
17.f3 exf3 18.Qxf3 Nd4 19.Qf8+ 1-0

[Event "HCL-T259"]
[Site "www.playchess.de"]
[Date "2006.02.19"]
[Round "3"]
[White "stevetilbury"]
[Black "ulibear"]
[WhiteElo "1608"]
[BlackElo "1199"]
[PlyCount "86"]
[Result "1/2-1/2"]

1.d4 Nf6 2.c4 c5 3.d5 e6 4.Nc3 exd5 5.cxd5 d6 6.e4 
g6 7.f4 Bg4 8.Nf3 Bg7 9.Bd3 O-O 10.h3 Bd7 11.Nd2 
Re8 12.O-O Nh5 13.Nc4 Bd4+ 14.Be3 Bxe3+ 15.Nxe3 
Qh4 16.Qf3 a6 17.a4 Ng3 18.Rf2 Nh5 19.Nc4 Qe7 
20.Nb6 Ra7 21.Re1 Qd8 22.Nc4 Bc8 23.g4 Ng7 24.e5 
dxe5 25.fxe5 b5 26.axb5 axb5 27.Nd6 Rf8 28.Ncxb5 
Rd7 29.Qf6 Qxf6 30.Rxf6 Ne8 31.Nxe8 Rxe8 32.Bc4 
Kg7 33.g5 Rf8 34.e6 fxe6 35.Rxf8 Kxf8 36.dxe6 Re7 
37.Rf1+ Kg7 38.Rf7+ Rxf7 39.exf7 Ba6 40.Kf2 Bxb5 
41.Bxb5 Kxf7 42.Ke3 Ke6 43.Ke4 Kd6 {(offering 
draw)}  1/2-1/2

[Event "HCL-B3836"]
[Site "www.playchess.de"]
[Date "2006.02.19"]
[Round "3"]
[White "ama49"]
[Black "willi_weizenkeim"]
[WhiteElo "1183"]
[BlackElo "1034"]
[PlyCount "87"]
[Result "1-0"]

1.e4 {Hello again!!}  b6 {hello again, old house 
:-)
how r u today ?}  2.d4 Bb7 3.Nc3 e6 4.Nf3 Bb4 
5.Qd3 Ne7 6.Bd2 O-O 7.O-O-O f5 8.exf5 Bxf3 9.Qxf3 
Nbc6 10.a3 Bd6 11.Bd3 Nxd4 12.Qe4 Nexf5 13.Ne2 
Nxe2+ 14.Bxe2 Bc5 15.f3 Qe7 16.Bc3 Be3+ 17.Bd2 Qc5 
18.Bxe3 Qxe3+ 19.Qxe3 Nxe3 20.Rdg1 d5 21.g4 e5 
22.h4 c5 23.Kd2 d4 24.c3 Nd5 25.Bc4 Rad8 26.Rge1 
Rxf3 27.Rxe5 Kh8 28.Bxd5 Rf2+ 29.Kc1 g6 30.cxd4 
Rc8 31.Re7 cxd4+ 32.Kb1 d3 33.h5 d2 34.Bb3 g5 
35.Rd7 Rg2 36.Bd1 Rc1+ 37.Ka2 a5 38.Rb7 Rc6 39.Rf1 
Rc8 40.Rxb6 Rc7 41.Ra6 Kg7 42.Rxa5 Kh6 43.Ra6+ Kg7 
44.h6+ 1-0

[Event "HCL-C4134"]
[Site "www.playchess.de"]
[Date "2006.02.19"]
[Round "15"]
[White "aussie"]
[Black "foxcar"]
[WhiteElo "1113"]
[BlackElo "1221"]
[PlyCount "28"]
[Result "0-1"]

1.e4 e5 {hi have a good game}  2.Nf3 {greetings & 
good luck from New Jersey}  Nc6 3.Bc4 Qf6 4.c3 a6 
5.d4 b5 6.Bd5 Qg6 7.O-O Be7 8.Nxe5 Qd6 9.Bxf7+ Kd8 
10.Bd5 Nxe5 11.dxe5 Qxe5 12.Bxa8 c6 13.Bxc6 Bd6 
14.Bd5 Qxh2+ 0-1

[Event "HCL-A2596"]
[Site "www.playchess.de"]
[Date "2006.02.19"]
[Round "9"]
[White "Maahinen"]
[Black "Chas"]
[WhiteElo "1713"]
[BlackElo "1490"]
[PlyCount "69"]
[Result "1-0"]

1.d4 d5 2.c4 e6 3.Nc3 Nf6 4.cxd5 exd5 5.Bg5 Be7 
6.e3 h6 7.Bh4 Bf5 8.Qb3 Qc8 9.Bxf6 Bxf6 10.Nxd5 
Nd7 11.Nf3 O-O 12.Nxf6+ Nxf6 13.Bc4 c6 14.Ne5 Be6 
15.Bxe6 Qxe6 16.Qxb7 Rfb8 17.Qxc6 Qxc6 18.Nxc6 
Rxb2 19.O-O Ne4 20.f3 Nc3 21.Rf2 Rb6 22.Ne7+ Kf8 
23.Nf5 Rab8 24.Rc2 Nd5 25.e4 Nb4 26.Rc7 Nd3 27.h4 
Nf4 28.Rxa7 Rg6 29.g3 Ne2+ 30.Kf2 Nc3 31.h5 Rgb6 
32.Ke3 R6b7 33.Rxb7 Rxb7 34.a4 Rb3 
35.Kd2 1-0